000 01610nam0a2200373 4500
001 RU\NLR\bibl\587864
005 20250610140828.0
010 _a5-900080-26-9
_91000
021 _aRU
_b2004-68576
_93381
035 _a(NLR Aleph) 000579842
090 _a1645627
_c1645627
100 _a20041222d2004 |||y0rusy50 ca
101 0 _arus
_deng
_eeng
102 _aRU
105 _aa |||||||||
200 1 _aЦеребральное кровообращение и артериальное давление
_dCerebral circulation and arterial blood pressure
_fВ.Г. Лелюк, С.Э. Лелюк
_zeng
210 _aМ.
_cРеал. Время
_d2004
215 _a303 с.
_cил., цв. ил.
_d22
300 _aАвт. также на англ. яз.: Vladimir G. Lelyuk, Svetlana E. Lelyuk
300 _aРез. на англ. яз.
320 _aБиблиогр. в конце гл.
510 0 _6z45790
_aCerebral circulation and arterial blood pressure
_zeng
606 0 _aГоловной мозг
_xКровообращение
_xРасстройства при гипертонической болезни
_91433836
_3RU\NLR\auth\66295302
686 _aР410.030-7
686 _aР627.703-37
700 1 _aЛелюк
_bВ. Г.
_gВладимир Геннадьевич
_4070
701 1 _aЛелюк
_bС. Э.
_gСветлана Эдуардовна
_4070
790 1 _6z45
_aLeljuk
_bV. G.
_gVladimir Gennad'evič
_4070
790 1 _6z45
_aLeljuk
_bS. É
_gSvetlana Éduardovna
_4070
801 0 _aRU
_bNLR
_c20041222
_gPSBO
801 1 _aRU
_bNLR
_c20041222
942 _cBOOK
980 _aNB